Fukushoku jiten /

Saved in:
Bibliographic Details
Main Author: Tanaka, Chiyo, 1906-
Format: Book
Language:Japanese
Published: Tōkyō : Dōbun Shoin, 1969.
Subjects:
Tags: Add Tag
No Tags, Be the first to tag this record!
LEADER 00758nam a2200217u 4500
001 007721360-2
005 20024617122053.0
008 970612s1969 ja a d 001 0 jpn d
035 0 |a ocm37285670 
040 |a NN  |c NN  |d *YNH*  |d CStRLIN 
100 1 |6 880-01  |a Tanaka, Chiyo,  |d 1906- 
245 1 0 |6 880-02  |a Fukushoku jiten /  |c [chosha] Tanaka Chiyo. 
260 |6 880-03  |a Tōkyō :  |b Dōbun Shoin,  |c 1969. 
300 |a 1086 p. :  |b ill. (some col.) ;  |c 22 cm. 
504 |a Include bibliographical references (p. 1082-1085) and index. 
650 0 |a Costume  |x Dictionaries  |x Japanese. 
880 1 |6 100-01  |a 田中千代,  |d 1906- 
880 1 0 |6 245-02  |a 服飾事典 /  |c [著者] 田中千代. 
880 |6 260-03  |a 東京 :  |b 同文書院,  |c 1969. 
988 |a 20021220 
906 |0 OCLC